LEADER 02778nam2 22004573i 450 001 PUV0245790 005 20251003044311.0 020 $aIT$b70-7042 100 $a20040513d1970 ||||0itac50 ba 101 | $aita 102 $ait 181 1$6z01$ai $bxxxe 182 1$6z01$an 183 1$6z01$anc$2RDAcarrier 200 1 $aˆ11: L'‰espansione coloniale e i problemi sociali (1870-1898)$fa cura di Francis Harry Hinsley 210 $aMilano$cGarzanti$d1970 215 $aXXIII, 918 p., [24] c. di tav.$cill.$d25 cm 300 $aIn testa al front.: Cambridge University Press 461 1$1001PUV0044532$12001 $aStoria del mondo moderno$v11 500 11$aMaterial progress and world-wide problems (1870-1898)$3PUV0245793 606 $aColonialismo$xStoria$2FIR$3SBLC006220$9I 606 $aStoria moderna e contemporanea$x1870-1898$2FIR$3LO1C250337$9I 676 $a909.08$9STORIA MODERNA, 1450/1500-$v20 676 $a909.08$9STORIA MONDIALE. STORIA MODERNA, 1450/1500-$v21 676 $a909.8$9STORIA MONDIALE, 1800-$v21 676 $a909.81$9STORIA UNIVERSALE. 1800-1899$v12 676 $a909.81$9STORIA MONDIALE, 1800-1899$v21 676 $a909.81$9STORIA MONDIALE, 1800-1899$v22 676 $a940.28$9STORIA GENERALE DELL'EUROPA. 1815-1914$v22 696 $aStoria moderna$aStoria contemporanea 699 $aStoria moderna e contemporanea$xStoria moderna$xStoria contemporanea 702 1$aHinsley$b, Francis Harry$3RAVV031904 801 3$aIT$bIT-000000$c20040513 850 $aIT-BN0095 $aIT-NA0602 $aIT-SA0060 $aIT-BN0083 $aIT-NA0243 $aIT-NA0537 $aIT-AV0175 $aIT-SA0255 $aIT-AV0001 $aIT-AV0003 $aIT-AV0007 $aIT-NA0079 $aIT-SA0199 $aIT-NA0120 $aIT-SA0111 $aIT-CE0127 $aIT-CE0066 $aIT-NA0228 $aIT-NA0189 $aIT-NA0261 $aIT-NA0666 $aIT-BN0052 $aIT-AV0045 $aIT-BN0015 $aIT-NA0695 $aIT-NA0580 $aIT-NA0312 901 $bNAP SC$c55 $n$ 912 $aPUV0245790 950 2$aBiblioteca Centralizzata di Ateneo$cv. 1-12$d 01STORICA 7 STODMM$e 01S 0090010845 VMA (0011 v. 11$fB $h20250324$i20250324 950 2$aCentro Librario e Bibliotecario per la Diffusione della cultura$c12 v.$d 67SALA A A XI 8.1$e 67 0000045605 VMA (11 v. 11$fC $h20140226$i20140226 977 $a 01$a 07$a 27$a 32$a 67$a 68$a 90$a 99$a AL$a AR$a AV$a BN$a CO$a CR$a CS$a CT$a CV$a DO$a DP$a FT$a GV$a MG$a MV$a PB$a PG$a PS$a SC 996 $aMATERIAL progress and World-Wide problems$9651054 997 $aUNISANNIO